EU - Korea relations

Na minha lista:
Detalhes bibliográficos
Autor principal: Song, Sunghee
Formato: Capítulo de Livro
Idioma:inglês
Tags: Adicionar Tag
Sem tags, seja o primeiro a adicionar uma tag!

MARC

LEADER 00000nla$a2200000$$$4500
001 0060981
005 20240502071659.6
041 0 |a eng 
044 |a SK 
245 1 0 |a EU - Korea relations  |c Sunghee Song 
100 1 |a Song, Sunghee